[Event "Gashimov Memorial-A 1st"]
[Site "Shamkir"]
[Date "2014.04.22"]
[Round "3"]
[White "Nakamura, Hikaru"]
[Black "Mamedyarov, Shakhriyar"]
[Result "1-0"]
[WhiteElo "2772"]
[BlackElo "2760"]
[Annotator "Postny,E"]
[PlyCount "65"]
[EventDate "2014.04.20"]
[EventType "tourn"]
[EventRounds "10"]
[EventCountry "AZE"]
[EventCategory "22"]
[SourceTitle "CBM 160"]
[Source "ChessBase"]
[SourceDate "2014.05.15"]
[SourceVersion "1"]
[SourceVersionDate "2014.05.15"]
[SourceQuality "1"]

1. e4 c6 {It might be surprising to see such an active player as Shakhriyar
playing Caro-Kann, but in fact there are a lot dynamic lines in this opening
as well.} 2. d4 d5 3. e5 Bf5 4. Nf3 e6 5. Be2 c5 6. Be3 Qb6 {This very
aggressive line came into some kind of a crisis after several convincing wins
by Sergey Karjakin as White.} (6... cxd4 7. Nxd4 Ne7 {is a more solid
alternative.}) 7. Nc3 Nc6 (7... Qxb2 $6 8. Qb1 $1 {is the great idea, played
for the first time on a high level by Bologan. The following game was a heavy
blow:} Qxb1+ (8... Qxc3+ $2 9. Bd2 $18 {[%csl Rc3]}) 9. Rxb1 c4 10. Rxb7 Nc6
11. Nb5 Nd8 12. Rc7 Rb8 13. Nd6+ $1 Bxd6 14. exd6 Rb1+ 15. Bd1 Bxc2 16. Kd2
Bxd1 17. Rxd1 Rb6 18. Bf4 Nf6 19. Re7+ Kf8 20. Rxa7 Ne4+ 21. Kc2 f6 22. h4 $1
$16 {1-0 (34) Karjakin,S (2747)-Eljanov,P (2761) Khanty-Mansiysk 2010}) 8. dxc5
{This is not the main move in the position, but also poses some problems for
Black, at least practical ones.} (8. O-O Qxb2 9. Qe1 $1 {This is considered as
the most promising line for White, but the subsequent positions are quite
complicated and require excellent preparation.} (9. Nb5 $6 c4 $1 10. Nc7+ Kd7
11. Nxa8 Bxc2 12. Qe1 Bb4 13. Bd2 Nge7 14. Bxb4 Nxb4 $13 {[%csl Ra8] 0-1 (46)
Karjakin,S (2706)-Morozevich,A (2771) Nice 2009}) 9... cxd4 10. Bxd4 Nxd4 11.
Nxd4 Bb4 12. Ndb5 (12. Rb1 Bxc3 13. Rxb2 Bxe1 14. Rxe1 b6 15. Rb3 Ne7 16. Rc3
g5 17. Rc7 Bg6 18. g4 h5 19. h3 Kf8 $11 {1/2-1/2 (29) Sjugirov,S (2635)
-Eljanov,P (2729) St Petersburg 2013}) 12... Ba5 13. Rb1 Qxc2 14. Rb3 Ne7 15.
Nd6+ Kf8 16. Nxb7 Bb6 17. Nd6 Ba5 18. Bf3 Bd3 $1 19. Qc1 Qxc1 20. Rxc1 Ng6 21.
Nxd5 $1 Nxe5 22. Nf4 Nxf3+ 23. gxf3 Bg6 24. Rb7 $16 {1-0 (46) Karjakin,S (2779)
-Fridman,D (2655) Dortmund 2012}) 8... Bxc5 9. Bxc5 Qxc5 10. Nb5 Kf8 {Black is
forced to lose the privilege of castling.} (10... Qb4+ 11. c3 Qxb2 12. Nd6+ Kf8
13. O-O {with excellent compensation for the pawn.}) 11. Nbd4 Nge7 (11... Qb4+
12. Qd2 (12. c3 {is worth checking in practice, though after} Qxb2 13. O-O Bg6
{white's knight is not as active as on d6, so the compensation is less obvious.
}) 12... Qxd2+ 13. Kxd2 Nge7 14. Nxf5 Nxf5 15. Bd3 g6 16. c3 Rc8 $11 {0-1 (47)
Pintaudi,A (2138)-Ballarani,P (2381) ICCF email 2009}) 12. O-O Be4 13. Re1 Qb4
$146 {An attempt to improve over a couple of previous games.} (13... h6 14. c3
Qb6 15. b3 Rc8 (15... Rd8 16. Bd3 Bxd3 17. Qxd3 $14 {1/2-1/2 (43) Zhigalko,S 
(2621)-Berkes,F (2647) Martuni 2009}) 16. Nxc6 Nxc6 17. Bd3 Bxf3 18. Qxf3 Qc7
19. Qg3 g6 20. h4 h5 21. Qf4 Kg7 22. Qf6+ Kg8 23. Re3 Qe7 24. Qf4 $14 {1/2-1/2
(39) Zhigalko,S (2648)-Turov,M (2609) Tashkent 2010}) 14. a3 $5 {Ignoring the
threat to Pb2, playing purely for an initiative.} ({The positional alernative} 
14. Rb1 {would yield White a small edge thanks to some space superiority.
Black also needs time to bring his kingside rook into play.} h5 (14... h6 15.
c3 Qb6 16. Bd3 Bxd3 17. Qxd3 $14) 15. c3 Qb6 16. Bd3 Bxd3 17. Qxd3 $14) 14...
Qxb2 15. Rb1 Qxa3 16. Rxb7 Bxf3 17. Nxf3 h6 (17... Rb8 $1 {was logical, to
exchange White's annoying rook. In general, Black should strive for
simplifications.} 18. Rxb8+ Nxb8 19. c4 (19. Qd2 Qb2 $1 20. Qf4 h6 21. Nd4 Kg8
22. Bh5 g6 23. Nxe6 fxe6 24. Qf6 Rh7 25. Qxe6+ Kf8 26. Bxg6 Rg7 27. Qf6+ Kg8
$11) 19... g6 20. cxd5 Nxd5 21. Bc4 Qc5 22. Bxd5 Qxd5 23. Qxd5 exd5 24. Rc1 $11
) 18. Qd2 (18. c4 g6 19. cxd5 Nxd5 20. Bc4 Rd8 {is okay for Black.}) 18... g5 (
18... Rb8 $6 {Now it's worse than on the previous move.} 19. Rxb8+ Nxb8 20. Rb1
Nbc6 21. h4 g6 22. Qf4 $36) 19. h4 (19. Reb1 Kg7 20. h4 (20. Nxg5 hxg5 21.
Qxg5+ Kf8 22. Bb5 Rg8 23. Qh6+ Rg7 24. Qh8+ Rg8 $11) 20... g4 21. R7b3 (21. Nd4
Rhb8 22. Nxc6 Rxb7 23. Rxb7 Nxc6 24. Qf4 Qa1+ 25. Kh2 Qxe5 26. Rxf7+ Kg8 $11)
21... Qc5 22. Rb5 Qa3 23. Nd4 Rhb8 24. Nxc6 Nxc6 25. Qf4 Rxb5 26. Bxb5 Rb8 27.
Qxg4+ Kh8 28. Qf4 Qf8 $11) 19... g4 $2 {This logical move appears to be a
serious mistake.} (19... Qa4 $1 {It's important to prevent Nf3-d4, so that
Black would keep his both knights for a better protection of his king.} 20. Qe3
(20. hxg5 hxg5 21. Qxg5 $6 Qxc2 $15 {[%cal Gc2h7]}) (20. Bb5 Qa5 21. Qe3 Nf5
22. Qc5+ Nce7 $11) 20... Nf5 21. Qc5+ Nce7 22. Bd3 Rc8 23. Rxa7 Rxc5 24. Rxa4
Nxh4 25. Nxh4 gxh4 26. Rxh4 h5 $11) 20. Nd4 Qa5 (20... g3 21. fxg3 Qxg3 22.
Nxc6 Nxc6 23. Rf1 Rh7 24. Rf4 $1 h5 25. Rb3 Qg7 26. Qc3 Nxe5 27. Qc7 Kg8 28.
Rb8+ Rxb8 29. Qxb8+ Qf8 30. Qxe5 $18) (20... Nxe5 $2 {is losing on the spot.}
21. Qf4 $18 {[%csl Re5,Re6]}) 21. c3 Nxd4 22. Qxd4 Nf5 $2 {This is very
tempting, but after that Black's position is, probably, beyond saving.} (22...
Rc8 {would have been far more resilient. Still, after} 23. Rc1 (23. Reb1 $6 Nf5
24. Qxg4 Qxc3 25. Rb8 Rg8 {is still playable for Black.}) 23... h5 24. Qf4 Rh7
25. Qg5 Qc5 (25... Ng8 $2 26. Rcb1 Qxc3 27. Rb8 Qc7 28. Rxc8+ Qxc8 29. Ba6 $1
$18) 26. g3 {White keeps a strong initiative.}) 23. Qd2 {Black's main problem
is that his king is unsecure and the rooks are not coordinated. The extra
a-pawn may be a factor only in an endgame, but he simply won't reach this
stage.} d4 (23... h5 24. Bd3 $18) (23... Rc8 24. Bxg4 Qxc3 25. Qxc3 Rxc3 26.
Ra1 Rc8 27. Bxf5 exf5 28. Raxa7 Rh7 29. e6 $18) 24. Bxg4 Qxc3 25. Qe2 Nxh4 (
25... Ne7 26. Bh5 Rc8 27. Qe4 {Black's king and knight can't mov; soon White's
attack will prevail.}) 26. Bh5 Rh7 27. Qe4 $1 {In the final stage of the game
Hikaru is very convincing.} Rc8 (27... f5 28. exf6 $1 Rxb7 29. Qxe6 Qc8 30.
Qd6+ Kg8 31. Qg3+ Kh7 32. Qxh4 $18) 28. Qxh7 $1 Qxe1+ 29. Kh2 Qxe5+ 30. g3 {
Black's checks are finished, but White's are starting now...} Rc7 31. Rb8+ Ke7
32. Qxf7+ Kd6 33. Qf8+ (33. Qf8+ Kd5 34. Rb5+ $18) 1-0

[Event "Gashimov Memorial-A 1st"]
[Site "Shamkir"]
[Date "2014.04.28"]
[Round "8"]
[White "Mamedyarov, Shakhriyar"]
[Black "Nakamura, Hikaru"]
[Result "0-1"]
[WhiteElo "2760"]
[BlackElo "2772"]
[Annotator "Negi,P"]
[PlyCount "94"]
[EventDate "2014.04.20"]
[EventType "tourn"]
[EventRounds "10"]
[EventCountry "AZE"]
[EventCategory "22"]
[SourceTitle "CBM 160"]
[Source "ChessBase"]
[SourceDate "2014.05.15"]
[SourceVersion "1"]
[SourceVersionDate "2014.05.15"]
[SourceQuality "1"]

1. d4 d5 2. c4 c6 3. Nf3 Nf6 4. g3 $5 {For a long time this was considered to
be harmless. It seems like White gives Black a lot of options - bring out the
bishop, or get an improved Catalan with dxc4, or even g6...but at the same
time White usually avoids the well trodden paths of theory. This fits in with
the latest trend of most players to try and seek advantage in non-forcing
variations - thereby reducing the effect of computers, and keeping more
creative options for the game.} (4. Nc3 e6 5. g3 {closely resembles the 4. g3
line, but now after dxc4, Black usually is doing quite well. By keeping the
knight on b1, White creates extra options for himself... although he gives
Black additional options as well.}) 4... Bf5 ({In my opinion, the most
critical move is} 4... dxc4 5. Bg2 b5 {Playing in the same style as Catalan c6
variations, Black tries to hold on to the pawn for the maximum amount of time.
Nc3 at any point would probably transpose either into some sort of Catalan or
4.Nc3 e6 5.g3 into the Slav... but I don't think White needs to go there:} ({
Black can also aim at a more solid setup with} 5... Nbd7 6. Qc2 Nb6 7. a4 $5 ({
is less flexible. White will eventually have to take Nxc4 before anything else,
and Black could get easy play as in:} 7. Nbd2 g6 8. O-O Bg7 9. Nxc4 Bf5 10. Qc3
Nxc4 11. Qxc4 O-O 12. Rd1 a5 13. Qb3 Qd6 {/\Qb4 Grischuk,A (2764)-Aronian,L 
(2809) London 2013.}) 7... a5 8. Na3 g6 {Trying to play like Aronian, but now
White can go for} 9. e4 Bg7 10. O-O O-O 11. Rd1 {keeping a very tense position.
In general, White seems to have more options here, and this was shown in the
following game:} Nfd7 12. Bf4 Qe8 13. Be3 $1 Ra6 {Bacrot,E (2725)-Edouard,R 
(2666) Geneve 2013. Black's positon is rather awkward.}) 6. Ne5 Bb7 7. O-O e6
8. b3 $5 (8. a4 a6 9. Nc3 Be7 {would lead to a very different line - and Black
has usually been doing ok here:} 10. axb5 axb5 11. Rxa8 Bxa8 12. Nxb5 (12. Bf4
Nd5 13. Qa1 Bb7 14. Qa7 Qc8 15. Nxc4 Nxf4 16. Nb6 Nxe2+ 17. Nxe2 Qc7 18. Na8
Qc8 19. Nb6 $11 Qc7 20. Na8 Qc8 21. Nb6 {1/2-1/2 (21) Vachier Lagrave,M (2722)
-Shirov,A (2714) Biel 2011}) 12... cxb5 13. Bxa8 O-O 14. Bg2 Nd5 15. f4 Bd6 16.
e3 Bxe5 17. fxe5 Nc6 18. Qg4 Qd7 19. h4 Ncb4 $15 {Nyzhnyk,I (2585)-Giri,A 
(2717) Plovdiv 2012 CBM 148 [Krasenkow,M]}) 8... cxb3 9. axb3 {An advantage of
not having played a4 earlier. We have an interesting position with a lot of
game left to explore:} Be7 10. Nc3 (10. Ba3 $5 b4 11. Bb2 {/\ Nd2...Ndc4 etc
would also give White decent compensation, although this doesn't seem the most
natural way.}) 10... a6 11. Bg5 O-O 12. Qd2 h6 13. Bxf6 Bxf6 14. Rfd1 Qc7 15.
Qf4 (15. Ne4 $5 Bxe5 16. dxe5 c5 (16... Qxe5 17. Nd6 $44) 17. Nf6+ Kh8 18. Bxb7
Qxb7 19. Qe3 $14 {White still has some pressure.}) 15... Bg5 16. Qg4 Ra7 $6 (
16... Nd7 17. Nxd7 f5 $1 {preventing Ne4, would be ok for Black.}) 17. e3 Bc8
18. Rac1 $36 {Lysyj,I (2662)-Shirov,A (2702) Kishinev 2014.}) (4... Bg4 $5 {
avoids the various problems Bf5 faced due to Nh4, but Grischuk got an edge
with rather stylish play here:} 5. Ne5 (5. Bg2 e6 6. O-O Nbd7 $11) 5... Bf5 6.
cxd5 cxd5 7. Nc3 Nc6 8. f3 $5 Bd7 9. Nxd7 Qxd7 10. e4 $1 e6 11. e5 Ng8 12. Be3
Bb4 13. Bd3 $14 {1-0 (57) Grischuk,A (2777)-Tomashevsky,E (2697) Loo 2014}) 5.
Nc3 e6 6. Nh4 $5 {The key idea. This is very similar to the 4.e3 Bf5 6.Nc3 e6
7.Nh4 variation in the closed Slav... and it's possible that in some cases g3
can be quite a useful move in comparison. White has the extra option of
bringing out the bishop sometimes, or even planning f3...e4 often... at the
same time, Black's position remains solid, and there is a lot of area to
explore here.} (6. Bg2 Nbd7 7. O-O h6 {would be a rather harmless setup from
White.}) 6... Be4 {Provoking some weakenesses, so White can't just take the
bishop and have an easy life.} (6... Bg6 7. Nxg6 hxg6 8. Qd3 $1 {White just
got a rather pleasant version of the e3 Slav here:} Nbd7 9. Bg2 Be7 10. O-O O-O
11. Rd1 Qa5 12. b3 Rad8 13. cxd5 exd5 14. a3 Qc7 15. Bf4 Bd6 16. Bg5 Be7 17.
Rdc1 Qb8 18. b4 $14 {1-0 (67) Giri,A (2749)-Buhmann,R (2582) Germany 2013}) (
6... Bg4 {seems too sophisticated.} 7. h3 Bh5 8. g4 Nfd7 (8... Bg6 9. Nxg6 hxg6
10. g5 Nh5 11. Qb3 $14) 9. Qb3 $1 b6 10. Ng2 Bg6 11. Nf4 dxc4 12. Qxc4 b5 13.
Qb3 b4 14. Nxg6 hxg6 15. Ne4 $14 {1-0 (40) Grischuk,A (2779)-Zvjaginsev,V 
(2659) Khanty-Mansiysk 2013}) 7. f3 Bg6 8. Qb3 {Choosing how to defend the
b7-pawn is always a slightly annoying decision.} (8. Nxg6 hxg6 9. Qd3 {is no
longer as nice as the Giri game, as Black can just continue} Bd6 {and get
counterplay.}) 8... Qb6 (8... Qc8 $6 {has won both the games for Black, but it
had little to do with the position:} 9. e4 $1 dxe4 10. Nxg6 hxg6 11. fxe4 e5
12. dxe5 Ng4 13. e6 fxe6 14. Be2 Ne5 15. Bf4 Nbd7 16. O-O-O Be7 17. h4 $16 {
Tkachiev,V (2649)-Najer,E (2633) Khanty-Mansiysk 2013}) ({The bizarre} 8... b5
{might actually deserve some attention, although I wouldn't claim it's
objectively the best move.} 9. cxb5 (9. cxd5 $5 exd5 10. Bg2 {is assessed
quite optimistically for White by the computer, but it seems a rather unusual
position.}) 9... c5 {will lead to a typical piece sacrifice which is hard to
assess, but certainly offers Black some compensation.}) (8... Qd7 {holds
everything together, but I am not sure how Black plans to continue developing
after} 9. Nxg6 hxg6 10. Bg5 Be7 11. Rd1) 9. Nxg6 hxg6 10. c5 Qc7 (10... Qxb3
11. axb3 $14 {/\ b4...b5 - which is impossible to prevent.}) 11. e4 Be7 $146
12. Bf4 Qc8 {At first glance, White seems to just have a great position... but
it's not so easy to actually maintain the burgeoning centre.} 13. exd5 $6 {
Now Black gets an ideal position.} (13. Bd6 $1 {looks very tempting.} {Perhaps
Black planned} b6 $5 (13... Bxd6 14. cxd6 O-O 15. e5 $14) (13... Nbd7 14. e5
Ng8 {/\Nh6...Nf5, but the bishop on d6 is untouchable so I would prefer White.}
15. Qa3 $14) 14. Bxe7 Kxe7 15. Qa3 b5 16. exd5 (16. Bg2 a5 17. Ne2 Nbd7 $11)
16... exd5 17. Nxb5 cxb5 18. c6+ {leads to quite a bit of insanity, but I'd be
worried as Black.}) 13... Nxd5 14. Nxd5 cxd5 {Suddenly, it's White who doesn't
seem to be too well developed.} 15. O-O-O (15. Be2 Nc6 16. Rd1 O-O 17. O-O {
it's Black who is aiming for an advantage.}) 15... Nc6 16. Kb1 g5 17. Be3 f5 $1
{Mamedyarov was probably aiming to target the black king - clearly it won't be
feeling safe on the kingside... but instead Nakamura aggressively finds a new
square for his king.} 18. g4 {Its hard to say if this is a good move, but
White did not have an easy choice.} f4 19. Bf2 Kf7 $1 {The idea behind f5. It
is very hard to get to the king here.} 20. Re1 {Already White is completely
losing his way... it's amazing how completely the position managed to change
in the last few moves.} b6 $1 {There's no way to prevent Black's initiative.}
21. Qa4 $5 {Trying some desperate tricks? Actually, practically there is still
some kind of mess here...} bxc5 22. Ba6 Qc7 23. Bb5 Rab8 {Very stylish... but
not the cleanest way.} (23... Nxd4 {Naka was possibly worried about the
initiative in the opposite coloured positions... at least practically it
doesn't seem as easy as the computer points out.}) (23... Rhc8 24. dxc5 a6 {
would be the simplest suggestion - Black simply has an advantage.}) 24. Rxe6 $5
(24. Bxc6 Rb4 $1 25. Qc2 Qxc6 $17) 24... Kxe6 {Naka decides to go for the
material, but he could have also chosen to play safely:} (24... Rxb5 $1 25.
Rxe7+ Nxe7 26. Qxb5 c4 $17 {Even though the material is equal, White's
horrible bishop and Black's excellent structure leave no doubt about this
position.}) 25. Bxc6 Rhd8 $1 {An important move. White seems to have good
compensation, but actually the king's retreat to safety can't be stopped, and
Black stays ahead.} 26. dxc5 Bf6 27. Bd4 (27. b3 Kf7 $15) 27... Kf7 28. Rd1 $6
{This doesn't really create any play. Now Black's life is easy:} (28. Bxf6 gxf6
29. h4 $1 {would give White better chances.}) 28... Kf8 {Now Black is ready to
come back.} 29. a3 Bxd4 30. Rxd4 Qe5 31. Rd2 Qe1+ 32. Rd1 Qe2 33. b4 Qxf3 34.
Kb2 Qxg4 {The rest of the game is inconsequential.} 35. Qc2 Qe6 36. Ba4 Kg8 37.
Bb3 Kh8 38. c6 Rd6 39. Rc1 f3 40. Qc5 Qf6+ 41. Ka2 f2 42. c7 Rc8 43. Rf1 d4 44.
h4 Qf3 45. Bc4 Rc6 46. Qxd4 R6xc7 47. Rxf2 Rxc4 0-1